| 000 | 00974nam a22003257a 4500 | ||
|---|---|---|---|
| 001 | 000373 | ||
| 003 | DO-SdBPM | ||
| 005 | 20250724122812.0 | ||
| 007 | ta | ||
| 008 | 250724b1993 sp 00| 0 spa d | ||
| 020 | _a8434814862 | ||
| 040 |
_aDO-SdBPM _bspa _cBPMSU _erda |
||
| 082 | 4 |
_a833.91 _bR296L 1993 _222 |
|
| 100 | 1 |
_aRecheis, Käthe, _eautor |
|
| 245 | 1 | 3 |
_aEl lobo blanco / _cRecheis, Kathe ; traductor Manuel Olasagasti |
| 250 | _a6a. ed. | ||
| 260 | _a | ||
| 264 |
_aMadrid : _bEdiciones SM, _c1993 |
||
| 300 |
_a279 páginas ; _c23 cm. |
||
| 336 |
_aTexto _btxt _2rdacontent |
||
| 337 |
_asin mediación _bnc _2rdamedia |
||
| 338 |
_avolumen _bnc _2rdacarrier |
||
| 534 |
_pTítulo original. : _tDer Weisse Wolf. |
||
| 590 | _aInvetariado, 2025/VM | ||
| 650 | 7 | _aNovela juvenil austriaca. | |
| 650 | 7 | _aLiteratura juvenil austriaca. | |
| 700 | 1 |
_aOlasagasti, Manuel _eprólogo |
|
| 910 | _aVMateo V. Control de calidad. BPMSU | ||
| 942 |
_2ddc _cBK |
||
| 999 |
_c15262 _d15262 |
||